• 首页
  • 本馆介绍
  • 公告通知
  • 最新文献
  • 馆藏检索
  • 电子资源
  • 读者导购
  • 参考咨询
  • 我的图书馆
  • 登录
  • 详细信息显示
  • 放入我的书架
  • 预约/预借图书
  • 作者相关作品
  • 分类相关作品
  • 丛书相关作品
  • 出版社相关作品

书目信息

  • 表格格式
  • 工作单格式
  • 卡片格式
题名:
资源经济发展
    
 
作者: 杨艳琳 著
分册:  
出版信息: 北京   科学出版社  2004
页数: 319页
开本: 24cm
丛书名: 人口、资源与环境经济学丛书
单 册:
中图分类: F062.1
科图分类:
主题词: 资源经济学
电子资源:
ISBN: 7-03-013980-1
000 00931nam0 2200265 450
000 00938nam0 2200265 450
000 00869nam0 2200241 450
000 00832nam0 2200229 45
005 20070525124720.34
010    @a7-03-013980-1@dCNY28.00
100    @a20070419d2004 em y0chiy0120 ea
101 0  @achi
102    @aCN@b110000
105    @ay z 000yy
200 1  @a资源经济发展@AZi Yuan Jing Ji Fa Zhan@f杨艳琳著@FYang Yan Lin Zhu
210    @a北京@c科学出版社@d2004
215    @a319页@d24cm
225 2  @a人口、资源与环境经济学丛书
330    @a本书从资源价值论出发,分别从微观的资源企业经营、中观的资源产业发展、宏观的资源经济运行以及资源贸易、资源可持续发展和资源经济制度等有关理论与实践问题进行了论述等。
410  0 @12001 @a人口、资源与环境经济学丛书
606 0  @a资源经济学
690    @aF062.1@v4
701  0 @a杨艳琳@AYang Yan Lin@c(经济学)@4著
801  0 @aCN@bTAOJIN@c20070525
905    @a10447@dF062.1@e64
    
    资源经济发展/杨艳琳著.-北京:科学出版社,2004
    319页;24cm.-(人口、资源与环境经济学丛书)
    
    
    ISBN 7-03-013980-1:CNY28.00
    本书从资源价值论出发,分别从微观的资源企业经营、中观的资源产业发展、宏观的资源经济运行以及资源贸易、资源可持续发展和资源经济制度等有关理论与实践问题进行了论述等。
●
相关链接 在E读中查询图书 在五车中查询图书 在当当中查询图书 在豆瓣中查询图书


正题名:资源经济发展     索取号:F062.1/64         预约/预借

序号 登录号 条形码 馆藏地/架位号 状态 备注
1 0522506   205225068   第一样本阅览室/ [索取号:F062.1/64] 在馆    
2 0522507   205225077   第一借阅区/ [索取号:F062.1/64] 在馆    
3 0522508   205225086   第一借阅区/ [索取号:F062.1/64] 在馆    
4 0522509   205225095   第一借阅区/ [索取号:F062.1/64] 在馆    
5 0522510   205225102   第一借阅区/ [索取号:F062.1/64] 在馆    
6 0522511   205225111   密集书库/ [索取号:F062.1/64] 在馆    
7 0522512   205225120   密集书库/ [索取号:F062.1/64] 在馆    
8 0522513   205225139   密集书库/ [索取号:F062.1/64] 在馆    
唐山师范学院图书馆 欢迎您!
大连网信软件有限公司© 版权所有